000 00642nam a2200181Ia 4500
008 100921s9999 xx 000 0 und d
082 _b27206
_a891.463 थ 95
100 _aयादवाडकर प्रकाश.
245 _aमंत्रयुद्ध.
260 _bमेहता प्रकाशन, पुणे.
_c1995
300 _a262
_bरसिक साहित्य,पुणे
365 _b110
520 _aललित-कादंबरी.
630 _aमंत्रयुद्ध.
650 _aललित-कादंबरी.
730 _aमंत्रयुद्ध.
942 _cBOOK
999 _c776319
_d776316